Sports Quiz

Random Sports or Olympics Quiz

Last Ten Olympic Host Cities Quiz Stats

 Plays Quiz Updated Feb 10, 2018

Score 0/10 Timer 02:00
0 Plays Today
% Correct
Pyeongchang
93.2%
Rio de Janeiro
93.2%
Sochi
89.9%
London
86.9%
Beijing
83.1%
Sydney
79.6%
Salt Lake City
79.3%
Vancouver
75.3%
Athens
68.9%
Turin
61.8%

You're not logged in!

Compare scores with friends on all Sporcle quizzes.
OR
Log In

You Might Also Like...

Show Comments

Extras

Top Quizzes Today


Score Distribution

Your Account Isn't Verified!

In order to create a playlist on Sporcle, you need to verify the email address you used during registration. Go to your Sporcle Settings to finish the process.

Report this User

Report this user for behavior that violates our Community Guidelines.

Details: